| 000 | 00615nam a2200193 a 4500 | ||
|---|---|---|---|
| 001 | 3498 | ||
| 003 | CDMR | ||
| 005 | 20130715112546.0 | ||
| 008 | 130130s19801982||||||||||||||||||||||||d | ||
| 040 |
_aCDMR _bcat _cCDMR |
||
| 100 | 1 |
_aVirgili i Sanromà, Josep-Pau _92511 |
|
| 245 | 1 | 0 |
_aTarragona i la seva premsa _cJosep - P. Virgili i Sanromà |
| 260 |
_aTarragona _c1980-1982 _bHemeroteca de la Caixa d'Estalvis Provincial |
||
| 300 |
_a2 v. _c24 cm |
||
| 490 | 0 |
_aHistòria _v1 _v2 |
|
| 505 | _aConté: 1.- 1900-1936 ; 2.- 1936-1982 | ||
| 650 | 0 | 4 |
_92512 _aPeriodisme _xHistòria _y1936-1982 _zTarragona |
| 942 |
_cMON _2udc |
||
| 999 |
_c3498 _d3498 |
||